header

Where the weather meets the road (Record no. 177589)

MARC details
000 -LEADER
fixed length control field 01337nam a2200313Ia 4500
245 00 - TITLE STATEMENT
Title Where the weather meets the road
260 ## - PUBLICATION, DISTRIBUTION, ETC. (IMPRINT)
Place of publication Washington, D.C. :
Name of publisher National Academies Press,
Year of publication c2004.
300 ## - PHYSICAL DESCRIPTION
Number of Pages xiv, 174 p. :
Other physical details ill. (some col.)
650 #0 - SUBJECT ADDED ENTRY--TOPICAL TERM
Topical Term Highway communications
Topical Term Weather forecasting
Topical Term Intelligent transportation systems
856 40 - ELECTRONIC LOCATION AND ACCESS
Uniform Resource Identifier http://site.ebrary.com/lib/rucke/Doc?id=10055155

No items available.

© 2026 Rongo University
Contact us: librarian | system librarian | Rongo university